| 000 | 00805cam a22002653a 4500 | ||
|---|---|---|---|
| 001 | 1055 | ||
| 003 | PGUSA | ||
| 005 | 20140828082956.0 | ||
| 008 | 970901s1997||||xxu|||||s|||||000 1 eng d | ||
| 040 |
_aPGUSA _beng |
||
| 042 | _adc | ||
| 050 | 4 | _aPR | |
| 100 | 1 |
_aConrad, Joseph, _d1857-1924 |
|
| 245 | 1 | 0 |
_a'Twixt Land and Sea : _bTales _h[electronic resource] / _cJoseph Conrad |
| 260 |
_bProject Gutenberg, _c1997 |
||
| 505 | 0 | _aA smile of fortune — The secret sharer — Freya of the Seven Isles. | |
| 506 | _aPublic domain in the USA. | ||
| 516 | _aElectronic text | ||
| 653 | _aShip captains -- Fiction | ||
| 653 | _aIndian Ocean -- Fiction | ||
| 740 | 0 | _a'Twixt Land and Sea: Tales | |
| 830 | 0 |
_aProject Gutenberg _v1055 |
|
| 856 | 4 | 0 | _uhttp://www.gutenberg.org/ebooks/1055 |
| 942 | _cEB | ||
| 999 |
_c230406 _d230406 |
||